Report on prices of preserved fruits and vegetables, Bombay, 1963 (Record no. 489815)

000 -LEADER
fixed length control field 00464cam a22001337a 4500
008 - FIXED-LENGTH DATA ELEMENTS--GENERAL INFORMATION
fixed length control field 180718b1965 xxu||||| |||| 00| 0 eng d
082 ## - DEWEY DECIMAL CLASSIFICATION NUMBER
Classification number T3942x42 In2/PFV/1963
100 ## - MAIN ENTRY--PERSONAL NAME
Personal name India. Tariff Commission
245 ## - TITLE STATEMENT
Title Report on prices of preserved fruits and vegetables, Bombay, 1963
Statement of responsibility, etc. by Tariff Commission, India
260 ## - PUBLICATION, DISTRIBUTION, ETC.
Place of publication, distribution, etc. Delhi
Name of publisher, distributor, etc. The Manager of Publications
Date of publication, distribution, etc. 1965
300 ## - PHYSICAL DESCRIPTION
Extent 80+p.
500 ## - GENERAL NOTE
General note Chairman: K.R.P. Aiyangar
700 ## - ADDED ENTRY--PERSONAL NAME
Personal name Aiyangar, K.R.P. (Chairman)
Holdings
Withdrawn status Lost status Damaged status Not for loan Permanent Location Current Location Date acquired Full call number Barcode Date last seen Price effective from Koha item type
        Indian Institute of Public Administration Indian Institute of Public Administration 2018-08-04 T3942x42 In2/PFV/1963 GG5718 2018-08-04 2018-08-04 GG

Powered by Koha